Statistics for Most Commonly-Taught Languages in the U.S.

Click here to take the quiz!

General Stats

  • This quiz has been taken 18,924 times
    (17,390 since last reset)
  • The average score is 11 of 14

Answer Stats

Language % Correct
Spanish
100%
French
99%
Chinese
98%
German
97%
Japanese
91%
Portuguese
91%
Italian
90%
Russian
90%
Arabic
81%
Latin
67%
Ancient Greek
61%
Biblical Hebrew
38%
Modern Hebrew
38%
American Sign Language
14%

Score Distribution

Percentile by Number Answered

Percent of People with Each Score

Your Score History

You have not taken this quiz since the last reset